000 01457 a2200241 4500
001 264
005 20260407155417.0
008 260407a2010 arg spa d
003 AR-UNSa-BCEJYS
040 _aAR-UNSa-BCEJYS
_bspa
_cAR-UNSa-BCEJYS
080 _a657.47
_xContabilidad de Costos
245 1 0 _aEl análisis marginal
_pla mejor herramienta para tomar decisiones sobre costos y precios
020 _a978-987-1577-30-9
250 _a2a. ed
264 1 _aBuenos Aires :
_bOsmar D. Buyatti
_c2010
300 _a398 p.
_c22 cm
505 _a1. Los sistemas de información económica - 2. Los costos y sus principales clasificaciones - 3. El problema de la incertidumbre respecto del comportamiento de los costos - 4. La interpretación de la naturaleza de los hechos económicos - 5. El punto de equilibrio - 6. Los modelos de costeo ante decisiones estructurales y coyunturales - 7. Situaciones de producción multiple - 8. Costos proyectados y costos reales - 9. Análisis sectoriales - 10. Las relaciones de reemplazo - 11. Restricciones de la capacidad de producción - 12. Modificaciones en los valores de los parametros - 13. La gestión de los stocks - 14. Nociones básicas sobre costos financieros
041 _aspa
942 _cBK
590 _aniveau_biblio:m niveau_hierar:0
100 1 _aYardin, Amaro Ramón
856 4 1 _uhttps://biblioeco.unsa.edu.ar/pmb/images/libros/El Analisis Marginal-l117764.jpg
_yImagen de portada
_qimage/jpeg
999 _c176
_d176